Statistiques concernant Mers & Océans

Cliquez ici pour prendre le quiz!

Statistiques générales

  • Ce quiz a été pris 1 639 fois
  • Le résultat moyen est 38 sur 112

Statistiques - réponses

HintRéponse% Correct
OcéanAtlantique
97%
Pacifique
97%
Indien
95%
Noire
91%
Rouge
88%
Méditerranée
86%
Arctique
81%
Antarctique
79%
du Nord
76%
Caspienne
74%
Égée
71%
Baltique
69%
Adriatique
68%
Manche
68%
Morte
67%
des Caraïbes
63%
du Japon
60%
Jaune
54%
Mers fermées ou lacs salées portant le nom de merd'Aral
47%
de Chine méridionale
47%
de Chine orientale
47%
Blanche
46%
de Tasman
45%
Merde Béring
44%
d'Arabie
41%
de Corail
40%
Ionienne
40%
de Norvège
39%
d'Irlande
39%
de Barents
36%
d'Azov
35%
du Groenland
34%
Marmara
34%
des Baléares
33%
des Philippines
33%
Tyrrhénienne
32%
de Java
31%
de Kara
31%
Celtique
29%
Merd'Andaman
29%
de Beaufort
29%
du Labrador
29%
d'Alboran
28%
de Sibérie orientale
28%
des Sargasses
28%
de Timor
28%
d'Iroise
28%
d'Okhotsk
28%
de Laptev
27%
Merd'Argentine
26%
Merde Baffin
26%
de Célèbes
26%
d'Écosse
26%
de Crète
26%
de Sicile
26%
d'Arafura
25%
de Bismarck
25%
de Libye
25%
de Sardaigne
25%
des Salomon
25%
Ligure
25%
de Bali
24%
des Moluques
24%
des Tchouktches
24%
de Sulu
24%
de Banda
23%
deBotnie
23%
de Davis
23%
de Flores
23%
de Lincoln
23%
de Ross
23%
des Cosmonautes
23%
de l'Entente
22%
de Scotia
22%
des Laquedives
22%
de Bellingshausen
21%
de Bohai
21%
de la Sonde
21%
de Savu
21%
de Seram
21%
de Thrace
21%
de Weddell
21%
Merd'Amundsen
20%
de Luçon
20%
de Myrto
20%
des Hébrides
20%
de Wandel
20%
Wadden
20%
de Bohol
19%
de Lazarev
19%
de Melville
19%
de Mindanao
19%
d'Irminger
19%
intérieure de Seto
19%
de Mawson
18%
de Somov
18%
d'Halmahera
18%
Dumont d'Urville
18%
de Koro
17%
de la Coopération
17%
de McKinley
17%
des Camotes
17%
du Prince Gustave-Adolphe
17%
du Roi Haakon VII
17%
de Sibuyan
16%
de Visayan
16%
d'Amakusa
15%
d'Ariake
15%
de Hyūga
15%
de Riiser Larsen
15%
de Yatsushiro
15%
d'Hibiki
15%

Distribution des résultats

Percentile par nombre de réponses

% des personnes avec chaque résultat

Votre développement - résultats

Vous n’avez pas pris ce quiz